Hormone action / (Record no. 158785)

MARC details
000 -LEADER
fixed length control field 00863cam a2200277 a 4500
008 - FIXED-LENGTH DATA ELEMENTS--GENERAL INFORMATION
fixed length control field
020 ## - INTERNATIONAL STANDARD BOOK NUMBER
International Standard Book Number 0306409259 (v. 1)
049 ## - LOCAL HOLDINGS (OCLC)
Holding library MAIN
090 ## - LOCALLY ASSIGNED LC-TYPE CALL NUMBER (OCLC); LOCAL CALL NUMBER (RLIN)
Classification number (OCLC) (R) ; Classification number, CALL (RLIN) (NR) QP571
003 - CONTROL NUMBER IDENTIFIER
control field
005 - DATE AND TIME OF LATEST TRANSACTION
control field 20230123134028.0
040 ## - CATALOGING SOURCE
Transcribing agency NUST
245 00 - TITLE STATEMENT
Title Hormone action /
Statement of responsibility, etc. edited by Robert F. Goldberger and Keith R. Yamamoto.
260 ## - PUBLICATION, DISTRIBUTION, ETC.
Place of publication, distribution, etc. New York :
Name of publisher, distributor, etc. Plenum Press ,
Date of publication, distribution, etc. c1982-1984.
300 ## - PHYSICAL DESCRIPTION
Extent 2 v. :
Other physical details ill. ;
Dimensions 27 cm.
440 ## - SERIES STATEMENT/ADDED ENTRY--TITLE
Title Biological regulation and development ;
Volume/sequential designation v. 3.
504 ## - BIBLIOGRAPHY, ETC. NOTE
Bibliography, etc. note Includes bibliographical references.
500 ## - GENERAL NOTE
General note Includes index
650 #0 - SUBJECT ADDED ENTRY--TOPICAL TERM
Topical term or geographic name entry element Hormones
General subdivision Physiological effect.
650 #0 - SUBJECT ADDED ENTRY--TOPICAL TERM
Topical term or geographic name entry element Metabolism
General subdivision Regulation.
650 #2 - SUBJECT ADDED ENTRY--TOPICAL TERM
Topical term or geographic name entry element Hormones
General subdivision physiology.
700 1# - ADDED ENTRY--PERSONAL NAME
Personal name Goldberger, Robert F.
700 1# - ADDED ENTRY--PERSONAL NAME
Personal name Yamamoto, Keith R.
907 ## - LOCAL DATA ELEMENT G, LDG (RLIN)
a .b10167018
b 16-01-06
c 04-07-05
942 ## - ADDED ENTRY ELEMENTS (KOHA)
Koha item type Ordinary Loan Books
Call number prefix QP571
Holdings
Date last seen Total Checkouts Full call number Barcode Cost, replacement price Price effective from Koha item type Lost status Source of classification or shelving scheme Damaged status Not for loan Collection Withdrawn status Home library Current library Shelving location Date acquired Cost, normal purchase price
01/23/2023   QP571 HOR 92003002917 80.00 01/23/2023 BOOKS   LCC     NFIC   MAIN MAIN GEN 01/23/2023 80.00